Statistics for Provinces of the Philippines by Picture

Click here to take the quiz!

General Stats

  • This quiz has been taken 24 times
    (22 since last reset)
  • The average score is 45 of 83

Answer Stats

Answer% Correct
Bataan
100%
Manila
100%
Batangas
92%
Bohol
92%
Cebu
92%
Iloilo
83%
Palawan
83%
Batanes
75%
Benguet
75%
Laguna
75%
Quezon
75%
Zambales
75%
Albay
67%
Cagayan
67%
Catanduanes
67%
Ilocos Norte
67%
La Union
67%
Leyte
67%
Masbate
67%
Rizal
67%
Tarlac
67%
Aklan
58%
Basilan
58%
Bukidnon
58%
Camarines Sur
58%
Cavite
58%
Davao del Norte
58%
Davao del Sur
58%
Davao Oriental
58%
Ilocos Sur
58%
Pampanga
58%
Pangasinan
58%
Samar
58%
Sorsogon
58%
Sulu
58%
Abra
50%
Agusan del Norte
50%
Agusan del Sur
50%
Antique
50%
Aurora
50%
Camarines Norte
50%
Camiguin
50%
Capiz
50%
Davao de Oro
50%
Ifugao
50%
Kalinga
50%
Negros Occidental
50%
Negros Oriental
50%
Occidental Mindoro
50%
Oriental Mindoro
50%
Tawi-Tawi
50%
Zamboanga del Norte
50%
Zamboanga del Sur
50%
Zamboanga Sibugay
50%
Apayao
42%
Biliran
42%
Bulacan
42%
Cotabato
42%
Davao Occidental
42%
Dinagat Islands
42%
Isabela
42%
Marinduque
42%
Misamis Occidental
42%
Misamis Oriental
42%
Mountain Province
42%
Nueva Ecija
42%
Nueva Vizcaya
42%
Quirino
42%
Romblon
42%
Siquijor
42%
Southern Leyte
42%
Sultan Kudarat
42%
Surigao del Norte
42%
Surigao del Sur
42%
Eastern Samar
33%
Guimaras
33%
Lanao del Norte
33%
Lanao del Sur
33%
Magiundanao del Sur
33%
Maguindanao del Norte
33%
Northern Samar
33%
Sarangani
33%
South Cotabato
33%

Score Distribution

Percentile by Number Answered

Percent of People with Each Score

Your Score History

You have not taken this quiz since the last reset